Music Quiz

Random Music or Rock Quiz

The 'Name the Depeche Mode Song from its Remix' Quiz! Stats

 Plays Quiz not verified by Sporcle

Score 0/32 Timer 07:00
0 Plays Today
Remix Title Song Title % Correct
The Stargate MixPersonal Jesus
88.9%
Rikki Tik Tik MixEnjoy The Silence
85.7%
Slavery Whip MixMaster And Servant
82.1%
Alan Wilder RemixIn Chains
78.6%
Tsangirades MixNever Let Me Down Again
78.6%
Trancentral MixPolicy Of Truth
78.6%
.4Love, In Itself
71.4%
Mode To JoyWorld In My Eyes
71.4%
Ambient Whale MixWalking In My Shoes
71.4%
Vince Clarke RemixBehind The Wheel
70.4%
Helmet At The Helm MixI Feel You
67.9%
Black Tulip MixBlack Celebration
64.3%
QuieterLeave In Silence
64.3%
Thin White Duke RemixWrong
63%
Metal MixSomething To Do
60.7%
Jacques Lu Cont RemixA Pain That I'm Used To
60.7%
Remix Title Song Title % Correct
Fairly Odd MixThe Meaning Of Love
57.1%
Danny Tenaglia's Labor Of Love MixI Feel Loved
57.1%
Owlle RemixHeaven
55.6%
Rio MixShout!
53.6%
Black Sun MixRush
53.6%
CJ Bolland Ultrasonar MixUseless
53.6%
Spanish TasterTo Have And To Hold
50%
Simian Mobile Disco RemixWhere's The Revolution
46.4%
UNKLE Re ConstructionJohn The Revelator
46.4%
HazchemixDangerous
42.9%
AlteredAny Second Now
42.9%
Josh Wink Vocal InterpretationFreelove
42.9%
The Pulsating Orbital MixHappiest Girl
39.3%
Kill The Pain Mix - DJ Shadow vs Depeche ModePainkiller
39.3%
Zip Hop MixNothing
35.7%
Röyksopp RemixPuppets
33.3%
Remove Ads.
Support Sporcle.
Get the best of Sporcle when you Go Orange. This ad-free experience offers more features, more stats, and more fun while also helping to support Sporcle. Thank you for becoming a member.

You're not logged in!

Compare scores with friends on all Sporcle quizzes.
OR
Log In

Show Comments

Extras

Top Quizzes Today


Score Distribution

Your Account Isn't Verified!

In order to create a playlist on Sporcle, you need to verify the email address you used during registration. Go to your Sporcle Settings to finish the process.

Report this User

Report this user for behavior that violates our Community Guidelines.

Details: